| 000 | 00975nam a22002537a 4500 | ||
|---|---|---|---|
| 003 | BD-DhSAU | ||
| 005 | 20220926163417.0 | ||
| 008 | 150613b2021 bg a|||| m||| 00| 0 eng d | ||
| 040 | _aBD-DhSAU | ||
| 082 |
_222 _a630.715 _bAk79 |
||
| 100 |
_aAkter, Marjan _eRegistration # 19-10064 |
||
| 245 |
_aHousehold Nutrition Practices by the Women in the Selected
Area of Barishal District / _bMS thesis |
||
| 260 |
_aSher-e-Bangla Agricultural University : _bDepartment of Agricultural extension and information system, _cJune, 2021 |
||
| 300 |
_ax, 71p.: _bill. , ; _c30 cm. |
||
| 504 | _aIncludes bibliographical reference. | ||
| 590 | _aNazmul | ||
| 650 | _aHousehold Nutrition Practices | ||
| 650 | _aWomen | ||
| 651 | _aBarishal District | ||
| 700 |
_aProf. Md. Mahbubul Alam, PhD _eSuperviser |
||
| 700 |
_aProf. Zahidul Haque _eCo-superviser |
||
| 856 | _uhttp://archive.saulibrary.edu.bd:8080/xmlui/handle/123456789/4174 | ||
| 942 |
_2ddc _cTHESIS |
||
| 999 |
_c16060 _d16059 |
||